<?xml version="1.0" encoding="UTF-8"?>
<record
    xmlns:xsi="http://www.w3.org/2001/XMLSchema-instance"
    xsi:schemaLocation="http://www.loc.gov/MARC21/slim http://www.loc.gov/standards/marcxml/schema/MARC21slim.xsd"
    xmlns="http://www.loc.gov/MARC21/slim">

  <leader>00919naa a2200193 i 4500</leader>
  <controlfield tag="001">9977</controlfield>
  <controlfield tag="003">KOSZ 005</controlfield>
  <controlfield tag="005">20180509101809.0</controlfield>
  <controlfield tag="008">180412s1986    pl     f     |000 0 pol</controlfield>
  <datafield tag="040" ind1=" " ind2=" ">
    <subfield code="c">KOSZ 005/HR</subfield>
    <subfield code="a">KOSZ 005/HR</subfield>
  </datafield>
  <datafield tag="080" ind1=" " ind2=" ">
    <subfield code="a">69</subfield>
  </datafield>
  <datafield tag="100" ind1="1" ind2=" ">
    <subfield code="a">JANKOWSKI, Julian.</subfield>
    <subfield code="b">Wy&#x17C;sza Szko&#x142;a In&#x17C;ynierska - Wydzia&#x142; In&#x17C;ynierii L&#x105;dowej i Sanitarnej</subfield>
  </datafield>
  <datafield tag="245" ind1="1" ind2="0">
    <subfield code="a">Technologia budownictwa uprzemys&#x142;owionego /</subfield>
    <subfield code="c">Julian Jankowski, Eugeniusz Michalski.</subfield>
  </datafield>
  <datafield tag="650" ind1=" " ind2=" ">
    <subfield code="a">Budownictwo - organizacja.</subfield>
  </datafield>
  <datafield tag="650" ind1=" " ind2=" ">
    <subfield code="a">Plac budowy.</subfield>
  </datafield>
  <datafield tag="700" ind1="1" ind2=" ">
    <subfield code="a">MICHALSKI, Eugeniusz.</subfield>
    <subfield code="b">Wy&#x17C;sza Szko&#x142;a In&#x17C;ynierska w Koszalinie - Wydzia&#x142; In&#x17C;ynierii L&#x105;dowej i Sanitarnej,</subfield>
    <subfield code="c">Zak&#x142;ad Ekonomiki i Organizacji Budownictwa</subfield>
    <subfield code="d">1981 - 1988.</subfield>
  </datafield>
  <datafield tag="773" ind1="0" ind2=" ">
    <subfield code="i">W :</subfield>
    <subfield code="t">Organizowanie i planowanie budowy. Cz. 1 / pod red. Eugeniusza Michalskiego. -</subfield>
    <subfield code="d">Koszalin : Wydaw. Wy&#x17C;szej Szko&#x142;y In&#x17C;ynierskiej, 1986. -</subfield>
    <subfield code="g">s. 47-95</subfield>
  </datafield>
  <datafield tag="942" ind1=" " ind2=" ">
    <subfield code="c">ROZ</subfield>
    <subfield code="2">UKD</subfield>
  </datafield>
  <datafield tag="999" ind1=" " ind2=" ">
    <subfield code="c">9977</subfield>
    <subfield code="d">9977</subfield>
  </datafield>
</record>
